[Event "North Urals Cup"]
[Site "Krasnoturinsk RUS"]
[Date "2007.07.31"]
[Round "9"]
[White "Zhu Chen"]
[Black "Stefanova,A"]
[Result "1-0"]
[WhiteElo "2522"]
[BlackElo "2481"]

1.e4 e5 2.Nf3 Nc6 3.Bb5 a6 4.Ba4 Nf6 5.O-O Bc5 6.c3 b5 7.Bb3 d6 8.a4 Bg4
9.h3 Bxf3 10.Qxf3 Na5 11.Bc2 b4 12.d3 Rb8 13.Nd2 O-O 14.Rb1 bxc3 15.bxc3 Rxb1
16.Bxb1 Qd7 17.Qd1 Re8 18.Nf3 d5 19.Bg5 dxe4 20.dxe4 Qc6 21.Re1 h6 22.Bh4 Nd7
23.Bg3 Bd6 24.Nh4 Nb6 25.Ba2 Qxa4 26.Bxf7+ Kxf7 27.Qh5+ Kg8 28.Nf5 Bf8 29.Re3 Nac4
30.Rf3 Qd7 31.Qg6 Kh8 32.Nxh6 gxh6 33.Rf7 Qxf7 34.Qxf7 Rc8 35.Bh4 Bg7 36.Bf6 Rg8
37.Qg6  1-0

[Event "12th ECC Women"]
[Site "Kemer TUR"]
[Date "2007.10.05"]
[Round "3"]
[White "Bayrak,A"]
[Black "Zhu Chen"]
[Result "0-1"]
[WhiteElo "2032"]
[BlackElo "2531"]

1.e4 c5 2.Nc3 Nc6 3.g3 g6 4.Bg2 Bg7 5.d3 d6 6.f4 e6 7.Nf3 Nge7 8.O-O O-O
9.Be3 b6 10.d4 d5 11.exd5 Nf5 12.Bf2 Ncxd4 13.dxe6 Bxe6 14.Re1 Rc8 15.Ne5 Ne7
16.Ne4 Nec6 17.c3 Nxe5 18.fxe5 Nc6 19.Qxd8 Nxd8 20.Nd6 Rc7 21.Rad1 Re7 22.c4 Bg4
23.Rd3 Rxe5 24.Rxe5 Bxe5 25.h3 Be6 26.b3 f6 27.Nb5 Bb8 28.g4 Nf7 29.Nc3 Kg7
30.Bd5 Ne5 31.Re3 Bd7 32.Bg3 Re8 33.Kf2 Nxg4+ 34.hxg4 Rxe3 35.Kxe3 Bxg3 36.Kf3 Be5
37.Nb5 a6 38.Na7 f5 39.gxf5 Bxf5 40.Bb7 a5 41.Nc8 Bc7 42.Ne7 Bb1 43.Nd5 Bd8
44.a3 Bc2 45.Nf4 Kf6  0-1

[Event "12th ECC Women"]
[Site "Kemer TUR"]
[Date "2007.10.07"]
[Round "5"]
[White "Zhu Chen"]
[Black "Zaiatz,E"]
[Result "1-0"]
[WhiteElo "2531"]
[BlackElo "2366"]

1.e4 e5 2.Nf3 Nc6 3.Bb5 a6 4.Ba4 Nf6 5.O-O Be7 6.Re1 b5 7.Bb3 d6 8.c3 O-O
9.h3 Nb8 10.d4 Nbd7 11.Nbd2 Bb7 12.Bc2 Re8 13.b3 c6 14.a4 Qc7 15.Bd3 Bf8
16.Qc2 d5 17.exd5 cxd5 18.dxe5 Nxe5 19.Nxe5 Rxe5 20.Rxe5 Qxe5 21.Nf3 Qb8
22.b4 bxa4 23.Rxa4 Ne4 24.Be3 Be7 25.Nd2 Qe5 26.Bd4 Qf4 27.Nxe4 dxe4 28.Bf1 Qc7
29.Qa2 Qc6 30.Bc4 e3 31.fxe3 Bd6 32.Bxf7+ Kh8 33.Ra5 Qc7 34.Rg5 Bf8 35.Qe6 Rd8
36.Qf5 Qc6 37.Be6  1-0

[Event "12th ECC Women"]
[Site "Kemer TUR"]
[Date "2007.10.09"]
[Round "7"]
[White "Zhu Chen"]
[Black "Matveeva,S"]
[Result "1/2-1/2"]
[WhiteElo "2531"]
[BlackElo "2433"]

1.e4 e6 2.d4 d5 3.Nc3 Nf6 4.e5 Nfd7 5.f4 c5 6.Nf3 Nc6 7.Be3 Rb8 8.Qd2 Qa5
9.a3 b5 10.Ra2 Be7 11.Be2 O-O 12.dxc5 b4 13.axb4 Qxb4 14.Nd4 Nxd4 15.Qxd4 Bxc5
16.Qxb4 Rxb4 17.Bxc5 Nxc5 18.Rf1 Bd7 19.g3 Rc8 20.Rf3 a5 21.Rxa5 Rxb2 22.Bd1 h6
23.Ne2 Bb5 24.Nc3 Bc4 25.Na4 Nxa4 26.Rxa4 Rb1  1/2-1/2

[Event "2nd MAIG Team Standard"]
[Site "Macau CHN"]
[Date "2007.10.28"]
[Round "2"]
[White "Zhu Chen"]
[Black "Nguyen Thi Thanh An"]
[Result "1-0"]
[WhiteElo "2531"]
[BlackElo "2324"]

1.e4 g6 2.d4 Bg7 3.Nf3 d6 4.h3 Nf6 5.Nc3 O-O 6.Be3 c6 7.Qd2 Nbd7 8.Bd3 Qc7
9.a4 e5 10.dxe5 Nxe5 11.Be2 d5 12.exd5 Nxd5 13.Nxd5 cxd5 14.Nxe5 Bxe5 15.c3 Bd7
16.O-O Bc6 17.a5 Rfe8 18.Rfe1 Re6 19.Bg4 Ree8 20.Red1 h5 21.Be2 Re6 22.Bd3 a6
23.f4 Bd6 24.Bb6 Qe7 25.Qf2 Re8 26.f5 gxf5 27.Qxf5 Rg6 28.Bd4 Qh4 29.Qf2 Qxf2+
30.Bxf2 Rg5 31.Bd4 Be5 32.Bf1 Bxd4+ 33.Rxd4 Re3 34.Kf2 Re4 35.Rad1 Kg7 36.Be2 Rxg2+
37.Kxg2 Rxe2+ 38.Kg3 Rxb2 39.Kh4 Ra2 40.Rg1+ Kf8 41.Kxh5 Rxa5 42.h4 Ra2 43.Kg5 Kg7
44.Kf5+ Kh7 45.Rf4 Ra4 46.Rxa4 Bxa4 47.Kf6 Bc2 48.Kxf7 Be4 49.Kf6 a5 50.Rg7+ Kh6
51.Rxb7 Kh5 52.Ra7 Kxh4 53.Rxa5 Kg4 54.Ke5 Kf3 55.Rxd5  1-0

[Event "2nd MAIG Team Standard"]
[Site "Macau CHN"]
[Date "2007.10.29"]
[Round "3"]
[White "Perena,C"]
[Black "Zhu Chen"]
[Result "0-1"]
[WhiteElo "2247"]
[BlackElo "2531"]

1.d4 d5 2.c4 c6 3.Nc3 Nf6 4.Nf3 dxc4 5.a4 Bf5 6.e3 e6 7.Bxc4 Bb4 8.O-O Nbd7
9.h3 O-O 10.Qe2 Bg6 11.Rd1 Re8 12.Bd2 Rc8 13.Rac1 h6 14.Na2 Bd6 15.Bc3 Qc7
16.Nb4 e5 17.dxe5 Nxe5 18.Nxe5 Bxe5 19.Bxe5 Qxe5 20.Nd3 Qg5 21.Nc5 Rc7 22.Rd4 b6
23.Na6 Rce7 24.Bd3 c5 25.Rdc4 Bxd3 26.Qxd3 Rd7 27.Qe2 Ne4 28.Qf3 Qe5 29.b4 Nd2
30.Qc6 Rd6 31.Qb5 Nxc4 32.Qxc4 Red8 33.g3 Rd1+ 34.Rxd1 Rxd1+ 35.Kg2 Qd5+
36.Qxd5 Rxd5 37.bxc5 bxc5 38.Nc7 Rd7 39.Nb5 a6 40.Na3 Rb7  0-1

[Event "2nd MAIG Team Standard"]
[Site "Macau CHN"]
[Date "2007.10.29"]
[Round "4"]
[White "Zhu Chen"]
[Black "Sukandar,I"]
[Result "1/2-1/2"]
[WhiteElo "2531"]
[BlackElo "2275"]

1.e4 e5 2.Nf3 Nc6 3.Bb5 a6 4.Ba4 Nf6 5.O-O Be7 6.Re1 b5 7.Bb3 O-O 8.h3 Bb7
9.d3 d6 10.a3 Na5 11.Ba2 c5 12.Nbd2 Nc6 13.Nf1 Re8 14.Ne3 Bc8 15.c3 h6 16.b4 Bf8
17.Nh4 Be6 18.Bxe6 Rxe6 19.Nd5 Re8 20.Nxf6+ Qxf6 21.Nf5 Ne7 22.Ne3 Qe6 23.Qf3 Rac8
24.Bd2 Red8 25.Nd5 c4 26.a4 Nxd5 27.exd5 Qg6 28.axb5 axb5 29.dxc4 Rxc4 30.Ra7 Rb8
31.Rea1 Rcc8 32.R1a5 Re8 33.Be3 f5 34.Rc7 Be7 35.Ba7 Rbc8 36.Rxc8 Rxc8 37.Qd3 e4
38.Qxb5 Rxc3 39.Be3 Kh7 40.Ra8 f4 41.Bxf4 Rxh3 42.Qe8 Qg4 43.Qg8+ Kg6 44.Qe8+ Kh7
45.Qg8+ Kg6 46.Qe8+ Kh7 47.Qg8+  1/2-1/2

[Event "2nd MAIG Team Standard"]
[Site "Macau CHN"]
[Date "2007.10.30"]
[Round "5"]
[White "Zhu Chen"]
[Black "Koneru,H"]
[Result "1-0"]
[WhiteElo "2531"]
[BlackElo "2606"]

1.e4 e5 2.Nf3 Nf6 3.Nxe5 d6 4.Nf3 Nxe4 5.Nc3 Nxc3 6.dxc3 Be7 7.Be3 O-O 8.Qd2 Nd7
9.O-O-O Nf6 10.h3 c6 11.g4 Qa5 12.Kb1 Be6 13.a3 Ne4 14.Qe1 d5 15.Nd4 Bd7
16.f3 Nd6 17.Nb3 Qd8 18.Qf2 b6 19.h4 Re8 20.Nc1 Bf8 21.h5 h6 22.Rg1 Be7 23.Qh2 Nb7
24.Bd4 Bd6 25.f4 Re4 26.Ne2 f6 27.Qf2 c5 28.Be3 Qe7 29.Bc1 Re8 30.Qf3 f5
31.g5 Kh8 32.Ng3 hxg5 33.fxg5 Bxg3 34.Rxg3 f4 35.Rg1 c4 36.Bh3 Bxh3 37.Qxh3 Qe6
38.Qxe6 R8xe6 39.Rxd5 Kg8 40.Rf5 Re1 41.Rxe1 Rxe1 42.b3 Nd6 43.Rxf4 Ne4 44.Kb2 cxb3
45.g6 bxc2 46.Kxc2 Ng3 47.Rd4 Re8 48.Rd5 Ne4 49.h6 gxh6 50.Bxh6 Nf6 51.Rd4 Re6
52.Kb3 Kh8 53.Bf8 Re8 54.g7+ Kg8 55.Kb4 Re5 56.Rd8 Rf5 57.c4 Kf7 58.Rc8 Rg5  1-0

[Event "2nd MAIG Team Standard"]
[Site "Macau CHN"]
[Date "2007.10.30"]
[Round "6"]
[White "Otgonjargal,S"]
[Black "Zhu Chen"]
[Result "1/2-1/2"]
[WhiteElo "2168"]
[BlackElo "2531"]

1.e4 c5 2.Nf3 d6 3.d4 cxd4 4.Nxd4 Nf6 5.Nc3 a6 6.f3 e5 7.Nb3 Be6 8.Be3 Be7
9.Nd5 Nxd5 10.exd5 Bf5 11.Bd3 Nd7 12.O-O O-O  1/2-1/2

[Event "6th Gibtelecom Masters"]
[Site "Gibraltar ENG"]
[Date "2008.01.22"]
[Round "1"]
[White "Vul,A"]
[Black "Zhu Chen"]
[Result "0-1"]
[WhiteElo "2337"]
[BlackElo "2548"]

1.Nf3 d5 2.d4 c6 3.c4 Nf6 4.cxd5 cxd5 5.Nc3 Nc6 6.Bf4 a6 7.Rc1 Bf5 8.e3 Qb6
9.Na4 Qa5+ 10.Nd2 Ne4 11.Nc3 Nxc3 12.Rxc3 e5 13.dxe5 Bb4 14.Rb3 Qxa2 15.Bd3 Be6
16.Ke2 Qa5 17.Nf3 Qb6 18.Nd4 Nxd4+ 19.exd4 a5 20.Bc2 Rc8 21.Rg3 Rc4 22.Be3 Be7
23.b3 Rc3 24.Rxg7 h5 25.Bd2 Rc6 26.Be3 a4 27.Qb1 a3 28.Bf5 a2 29.Qd3 Bxf5
30.Qxf5 Qa6+ 31.Kf3 Rf8 32.Ra1 Bb4 33.Qh7 Bc3 34.Rg8 Rg6 35.Rxf8+ Kxf8 36.Qh8+ Ke7
37.Rxa2 Qxa2 38.Bg5+ Rxg5 39.Qf6+ Ke8 40.Qxg5 Qxb3 41.Qg8+ Ke7 42.Qg5+ Kd7
43.Qf5+ Kd8 44.Qxf7 Qd1+ 45.Kf4 Qg4+ 46.Ke3 Qe4+  0-1

[Event "6th Gibtelecom Masters"]
[Site "Gibraltar ENG"]
[Date "2008.01.23"]
[Round "2"]
[White "Zhu Chen"]
[Black "Berczes,D"]
[Result "0-1"]
[WhiteElo "2548"]
[BlackElo "2429"]

1.d4 Nf6 2.c4 e6 3.g3 Bb4+ 4.Nd2 c5 5.a3 Bxd2+ 6.Qxd2 cxd4 7.Nf3 b6 8.Qxd4 Bb7
9.Bg2 Nc6 10.Qh4 Na5 11.Bg5 Rc8 12.Rc1 h6 13.O-O O-O 14.Be3 Ne4 15.Qf4 f5
16.Nd2 Nxd2 17.Bxd2 Bxg2 18.Kxg2 Nb3 19.Rc3 Nc5 20.f3 Qf6 21.Rc2 e5 22.Qe3 f4
23.Qc3 Ne6 24.Qd3 Nc5 25.Qd5+ Kh8 26.Bc3 Qg6 27.Rd2 Ne6 28.Bxe5 fxg3 29.hxg3 Rc5
30.Qd6 Rf5 31.Rd5 Rxc4 32.Qxd7 Rc2 33.Re1 Kh7 34.Kf2 Nc5 35.Qe7 Rf7 36.Qh4 Nd3+
37.Rxd3 Qxd3 38.f4 Qe4 39.Qh5 Rd7 40.Qg4 Re7 41.Rd1 Rxe5  0-1

[Event "6th Gibtelecom Masters"]
[Site "Gibraltar ENG"]
[Date "2008.01.24"]
[Round "3"]
[White "Compton,A"]
[Black "Zhu Chen"]
[Result "0-1"]
[WhiteElo "2132"]
[BlackElo "2548"]

1.e4 c5 2.Nc3 Nc6 3.f4 g6 4.Nf3 Bg7 5.Bb5 Nd4 6.O-O Nxb5 7.Nxb5 d5 8.exd5 a6
9.Nc3 Nf6 10.d4 c4 11.Ne5 Nxd5 12.Qf3 Be6 13.Ne4 Nf6 14.Nc3 O-O 15.Be3 Nd5
16.Bf2 Nxc3 17.Qxc3 Rc8 18.Rad1 Qd6 19.Bg3 Qd5 20.Kh1 b5 21.Qb4 Bf6 22.c3 a5
23.Qxa5 Ra8 24.Qb6 Rxa2 25.Rf2 Rc8 26.h3 Bxh3 27.Kh2 Bf5 28.Re1 e6 29.Rfe2 Bd8  0-1

[Event "6th Gibtelecom Masters"]
[Site "Gibraltar ENG"]
[Date "2008.01.25"]
[Round "4"]
[White "Zhu Chen"]
[Black "Thomassen,J"]
[Result "1/2-1/2"]
[WhiteElo "2548"]
[BlackElo "2308"]

1.d4 d5 2.c4 c6 3.Nf3 Nf6 4.Nc3 e6 5.Bg5 dxc4 6.e4 b5 7.e5 h6 8.Bh4 g5 9.Nxg5 hxg5
10.Bxg5 Nbd7 11.g3 Rg8 12.h4 Rxg5 13.hxg5 Nd5 14.g6 fxg6 15.Qg4 Qe7 16.Bg2 Bg7
17.Qxg6+ Kd8 18.Qg4 Nf8 19.Ne4 c5 20.Rh5 cxd4 21.Rg5 Bh6 22.Rh5 Bg7 23.Rg5 Bh6
24.Rh5  1/2-1/2

[Event "6th Gibtelecom Masters"]
[Site "Gibraltar ENG"]
[Date "2008.01.26"]
[Round "5"]
[White "Karim,I"]
[Black "Zhu Chen"]
[Result "1-0"]
[WhiteElo "2347"]
[BlackElo "2548"]

1.e4 e5 2.Nf3 Nc6 3.Bb5 a6 4.Ba4 Nf6 5.d3 d6 6.c3 g6 7.Bg5 Bg7 8.Nbd2 h6
9.Bh4 O-O 10.Nf1 b5 11.Bb3 Na5 12.Bc2 Bb7 13.Ne3 Qd7 14.Bxf6 Bxf6 15.h4 Bg7
16.h5 g5 17.Nh2 Nc6 18.Nhf1 Ne7 19.Ng3 d5 20.Qf3 c5 21.Nef5 Nxf5 22.Nxf5 Rfd8
23.O-O dxe4 24.dxe4 Qd2 25.Ne3 Qd6 26.Nf5 Qd2 27.Ne3 Qd6 28.Nf5 Qe6 29.Rfd1 Bf8
30.Ne3 Kg7 31.Nf5+ Kg8 32.Ne3 Bc6 33.Rd5 Be7 34.Rad1 Kf8 35.Nf5 Qf6 36.Rxd8+ Rxd8
37.Rxd8+ Bxd8 38.Qe3 Be7 39.b3 Bd7 40.Qd3 Bc6 41.Bd1 Ke8 42.Bg4 Bf8 43.Ne3 Qd8
44.Nd5 Bd6 45.Ne3 Be7 46.Nd5 Qa5 47.Qf3 Bxd5 48.exd5 Qb6 49.Qf5 Qd6 50.c4 bxc4
51.bxc4 Bd8 52.g3 Ke7 53.Kg2 Bc7 54.Bd1 Qb6 55.Ba4 Qd6 56.Bc6 a5 57.a4 Kf8
58.Kf3 Kg7 59.Ke4 Qf6 60.Qxf6+ Kxf6 61.g4 Bd6 62.Bb7 Ke7 63.Kf5 Bc7 64.Bc6 Bd6
65.Bb5 Bc7 66.Ba6 Bd6 67.f3 Bc7 68.Bb7 Bd6 69.Ba8 Bc7 70.d6+ Bxd6 71.Ke4 Ke6
72.Bd5+ Ke7 73.Bb7 Kd7 74.Kd5 Kc7 75.Bc8 Bf8 76.Bf5 Be7 77.Kxe5 Kc6 78.Bg6 Kd7
79.Bxf7 Bd8 80.Kf5 Be7 81.Kg6 Bf8 82.Bd5 Ke8 83.Kf6 Be7+ 84.Kg7 Bf8+ 85.Kg8 Bd6
86.Be4 Be5 87.Kh7 Kf7 88.Bd5+ Kf8 89.Kxh6 Bf4 90.Kg6 Be3 91.h6 Bd2 92.h7 Bc3
93.Kxg5 Kg7 94.Bg8 Bd4 95.Kf5 Bc3 96.f4 Bd2 97.g5 Kh8 98.Kg4 Be3 99.f5 Bd4
100.Kf4 Bf6 101.Bd5 Bc3 102.f6 Kxh7 103.Kf5 Kh8 104.Bf3 Bd2 105.g6 Bh6 106.Ke6 Kg8
107.Ke7  1-0

[Event "6th Gibtelecom Masters"]
[Site "Gibraltar ENG"]
[Date "2008.01.28"]
[Round "7"]
[White "Lilleoren,M"]
[Black "Zhu Chen"]
[Result "0-1"]
[WhiteElo "2065"]
[BlackElo "2548"]

1.Nf3 d5 2.c4 d4 3.g3 Nc6 4.Bg2 Nf6 5.d3 h6 6.O-O e5 7.a3 a5 8.e3 Be7 9.exd4 exd4
10.b3 O-O 11.Nbd2 Bf5 12.Qc2 Bc5 13.Bb2 Bh7 14.Rfe1 Qd6 15.Ne4 Nxe4 16.dxe4 Rfe8
17.Qd3 Rad8 18.h3 Re6 19.Nd2 Ne5 20.Qf1 d3 21.Kh2 h5 22.f4 Ng4+ 23.hxg4 hxg4
24.Bf3 Rh6+ 25.Kg2 Rh2+  0-1

[Event "6th Gibtelecom Masters"]
[Site "Gibraltar ENG"]
[Date "2008.01.30"]
[Round "9"]
[White "Devereaux,M"]
[Black "Zhu Chen"]
[Result "1-0"]
[WhiteElo "2348"]
[BlackElo "2548"]

1.e4 c5 2.Nc3 Nc6 3.Bb5 d6 4.Nf3 Bd7 5.O-O a6 6.Bxc6 Bxc6 7.d4 cxd4 8.Qxd4 e5
9.Qd3 h6 10.Nd5 Nf6 11.Re1 Rc8 12.b3 Bxd5 13.exd5 Be7 14.Nd2 O-O 15.Nc4 Nd7
16.Qf5 b5 17.Ne3 g6 18.Qh3 h5 19.a4 Bg5 20.axb5 axb5 21.Ra6 Nc5 22.Rc6 Ra8
23.Bd2 Be7 24.g4 h4 25.Qf1 Qb8 26.f4 Nd7 27.f5 Qb7 28.Qd3 Kg7 29.Bb4 Ra6
30.Qc3 Rd8 31.Ba5 Nc5 32.Rc7 Qa8 33.Rxe7 Rxa5 34.fxg6 Kxg6 35.Nf5 Ra7 36.Qe3 Rh8
37.Rxa7 Qxa7 38.b4 Qa4 39.c3 Nb7 40.Rf1 f6 41.Qf2  1-0

[Event "6th Gibtelecom Masters"]
[Site "Gibraltar ENG"]
[Date "2008.01.31"]
[Round "10"]
[White "Zhu Chen"]
[Black "Vea,O"]
[Result "1-0"]
[WhiteElo "2548"]
[BlackElo "2168"]

1.d4 d5 2.c4 Nc6 3.Nc3 dxc4 4.Nf3 Nf6 5.e4 Bg4 6.Bxc4 Bxf3 7.gxf3 Nxd4 8.e5 Nh5
9.Be3 Nf5 10.Qb3 e6 11.Qxb7 Be7 12.Rd1 Qb8 13.Qc6+ Kf8 14.O-O g6 15.Ba6 Qe8
16.Qxc7 Kg7 17.Rd7 Bd8 18.Qb7 Bb6 19.Bxb6 axb6 20.Rfd1 Rb8 21.Qc7 Rf8 22.Ne4 Ra8
23.Qxb6 Qb8 24.Qxb8 Rfxb8 25.Bc4 Nf4 26.Ng5  1-0

[Event "Isbank Ataturk Women's Masters"]
[Site "Istanbul TUR"]
[Date "2008.03.11"]
[Round "1"]
[White "Krush,I"]
[Black "Zhu Chen"]
[Result "1-0"]
[WhiteElo "2473"]
[BlackElo "2548"]

1.d4 d5 2.c4 c6 3.Nf3 Nf6 4.Nc3 dxc4 5.e4 b5 6.e5 Nd5 7.a4 e6 8.Ng5 Be7 9.h4 h6
10.Nge4 b4 11.Nb1 Ba6 12.Qg4 Kf8 13.Nbd2 b3 14.Bxc4 Nb4 15.O-O Bxc4 16.Nxc4 Qxd4
17.Qe2 Qd3 18.Qxd3 Nxd3 19.Rd1 Nb4 20.Ra3 Nd5 21.Rxb3 Nd7 22.Rb7 N7b6 23.b3 Bxh4
24.Ba3+ Kg8 25.Na5 f5 26.exf6 gxf6 27.g3 Bg5 28.f4 f5 29.fxg5 fxe4 30.g6 Re8
31.Nxc6 e3 32.Bb2 e5 33.Bxe5 Rxe5 34.Nxe5 h5 35.Rf1  1-0

[Event "Isbank Ataturk Women's Masters"]
[Site "Istanbul TUR"]
[Date "2008.03.13"]
[Round "3"]
[White "Atalik,E"]
[Black "Zhu Chen"]
[Result "1-0"]
[WhiteElo "2408"]
[BlackElo "2548"]

1.d4 d5 2.c4 c6 3.Nf3 Nf6 4.e3 Bf5 5.Nc3 e6 6.Nh4 Bg6 7.Be2 Nbd7 8.g3 Bd6
9.O-O Qe7 10.a3 dxc4 11.Nxg6 hxg6 12.Bxc4 e5 13.Re1 O-O-O 14.b4 Rh7 15.f4 Bc7
16.Bf1 Qe6 17.Ra2 Ne4 18.Rc2 Nxc3 19.Rxc3 Kb8 20.Rd3 e4 21.d5 cxd5 22.Rxd5 Rhh8
23.Bc4 g5 24.Qe2 gxf4 25.exf4 Bb6+ 26.Be3 Rc8 27.Rc5 Qe7 28.Rxc8+ Rxc8 29.Bxb6 Nxb6
30.Bb3 Rc3 31.Qb2 Qf6 32.Re2 Qd4+ 33.Kg2 Nc4 34.Bxc4 Qxc4 35.f5 Qd3 36.Qd2 Qf3+
37.Kg1 Rd3 38.Qf4+ Qxf4 39.gxf4 e3 40.a4 Rb3 41.Kg2 Rxb4 42.Rxe3 f6 43.Kf3 Rxa4
44.Re8+ Kc7 45.Re7+ Kc6 46.Rxg7 b5 47.Rf7 b4 48.Rxf6+ Kd5 49.Rf8 Ra6 50.Rb8 Kc4
51.Kg4 b3 52.Kg5 Ra5 53.h4 Kc3 54.h5 b2 55.h6 Ra1 56.f6 Rg1+ 57.Kf5 Rg8 58.Rxb2 Kxb2
59.f7 Ra8 60.Kg6 a5 61.Kg7  1-0

[Event "Isbank Ataturk Women's Masters"]
[Site "Istanbul TUR"]
[Date "2008.03.18"]
[Round "8"]
[White "Zhu Chen"]
[Black "Harika,D"]
[Result "1-0"]
[WhiteElo "2548"]
[BlackElo "2455"]

1.d4 Nf6 2.c4 e6 3.Nf3 Bb4+ 4.Nbd2 c5 5.a3 Bxd2+ 6.Qxd2 cxd4 7.Qxd4 Nc6 8.Qh4 d5
9.Bg5 dxc4 10.e4 Nd4 11.O-O-O Nb3+ 12.Kc2 Bd7 13.e5 Qa5 14.Bxc4 Ba4 15.Bxb3 Rc8+
16.Kb1 Bxb3 17.exf6 Bxd1 18.Rxd1 O-O 19.fxg7 Rfe8 20.Ka1 Qf5 21.Bf6 Qc2 22.Qd4 Qf5
23.Re1 b5 24.Nd2 b4 25.a4 Qa5 26.b3 e5 27.Rxe5 Rxe5 28.Qxe5 Qb6 29.Ne4 Qa6
30.Qb5 Qe6 31.Qd3 Re8 32.f3  1-0

[Event "Isbank Ataturk Women's Masters"]
[Site "Istanbul TUR"]
[Date "2008.03.20"]
[Round "9"]
[White "Yildiz,B"]
[Black "Zhu Chen"]
[Result "0-1"]
[WhiteElo "2207"]
[BlackElo "2548"]

1.e4 c5 2.Nf3 d6 3.d4 cxd4 4.Nxd4 Nf6 5.f3 e5 6.Nb3 d5 7.Bg5 Be6 8.exd5 Qxd5
9.Qxd5 Nxd5 10.Bc4 Nc6 11.O-O h6 12.Bd2 Rd8 13.Re1 Be7 14.Nc3 O-O 15.Nxd5 Bxd5
16.Bxd5 Rxd5 17.Be3 Rfd8 18.a4 f6 19.c3 Kf7 20.Kf2 f5 21.Ke2 b5 22.a5 a6
23.Rec1 h5 24.Rc2 g5 25.Nd2 R5d7 26.Nb3 g4 27.f4 Bd6 28.fxe5 Bxe5 29.Rf1 Kg6
30.h3 Re8 31.Kf2 Bh2 32.hxg4 hxg4 33.Re2 Rde7 34.Rh1 f4  0-1

[Event "TCh-CHN Torch Real Estate Cup"]
[Site "Jiangsu Wuxi CHN"]
[Date "2008.05.19"]
[Round "7"]
[White "Zhu Chen"]
[Black "Tan Zhongyi"]
[Result "1-0"]
[WhiteElo "2521"]
[BlackElo "2353"]

1.d4 Nf6 2.c4 g6 3.g3 Bg7 4.Bg2 O-O 5.Nc3 d6 6.Nf3 Nc6 7.O-O a6 8.b3 Rb8
9.Nd5 b5 10.Nxf6+ Bxf6 11.Bh6 Re8 12.Rc1 Bd7 13.Qd2 Na7 14.Rfd1 bxc4 15.Rxc4 c6
16.Ne5 Rc8 17.Nxd7 Qxd7 18.Qa5 Qb7 19.Rb4 Qc7 20.Qxa6 Ra8 21.Rc1 Reb8 22.Ra4 Bxd4
23.Bxc6 Nxc6 24.Qxa8 Bc5 25.Qa6 Qd7 26.Qd3 Nb4 27.Qf3 Qh3 28.Bd2 Kg7  1-0

[Event "8th Asian Continental Women"]
[Site "Subic Bay PHI"]
[Date "2009.05.13"]
[Round "1"]
[White "Zhu Chen"]
[Black "Xu Tong"]
[Result "1-0"]
[WhiteElo "2491"]
[BlackElo "2231"]

1.d4 d5 2.c4 e6 3.Nf3 Nf6 4.Nc3 Be7 5.Qc2 O-O 6.Bg5 h6 7.Bh4 b6 8.O-O-O Bb7
9.Ne5 Nbd7 10.f3 Rc8 11.e4 c5 12.Nxd7 Nxd7 13.Bxe7 Qxe7 14.cxd5 exd5 15.exd5 Qe3+
16.Qd2 cxd4 17.Qxe3 dxe3 18.Bd3 Nf6 19.Be4 Rc5 20.Kc2 Nxe4 21.fxe4 e2 22.Rd2 Ba6
23.Re1 Rc7 24.Rd4 Re8 25.Kd2 Rc4 26.Rxc4 Bxc4 27.Ke3 f6 28.Kd4 Rc8 29.b3 Ba6
30.a4 Kf7 31.h4 g5 32.h5 Ke8 33.g4 Rc5 34.Nxe2 Rc2 35.Ng3 Rd2+ 36.Ke3 Rd3+
37.Kf2 Bc8 38.Nf5 Bxf5 39.exf5+ Kf7 40.Rc1 Rxd5 41.Rc7+ Kg8 42.Rxa7 Rd3 43.b4 Rd4
44.b5 Rd8 45.Ke3 Kf8 46.Ke4 Rd6 47.Rh7 Kg8 48.Re7 Rd1 49.Re6 Ra1 50.Rxb6 Rxa4+
51.Kd5 Rxg4 52.Rxf6  1-0

[Event "8th Asian Continental Women"]
[Site "Subic Bay PHI"]
[Date "2009.05.14"]
[Round "2"]
[White "Le Thanh Tu"]
[Black "Zhu Chen"]
[Result "1/2-1/2"]
[WhiteElo "2326"]
[BlackElo "2491"]

1.d4 Nf6 2.c4 e6 3.g3 c5 4.d5 exd5 5.cxd5 b5 6.e4 Nxe4 7.Qe2 Qe7 8.Bg2 Nd6
9.Be3 Na6 10.Nc3 Rb8 11.O-O-O c4 12.Re1 Kd8 13.Qd2 b4 14.Bxa7 bxc3 15.Qxc3 Nb4
16.Rxe7 Nxa2+ 17.Kc2 Nxc3 18.Bxb8 Bxe7 19.bxc3 Nb5 20.Bf4 Bf6 21.Ne2 Re8
22.Be3 Kc7 23.Kd2 Nd6 24.Nd4 Ne4+ 25.Bxe4 Bxd4 26.Bxd4 Rxe4 27.Bxg7 Bb7 28.Re1 Rxe1
29.Kxe1 Bxd5 30.Kd2 Kd6 31.Ke3 Bg2  1/2-1/2

[Event "8th Asian Continental Women"]
[Site "Subic Bay PHI"]
[Date "2009.05.15"]
[Round "3"]
[White "Zhu Chen"]
[Black "Ding Yixin"]
[Result "1-0"]
[WhiteElo "2491"]
[BlackElo "2281"]

1.e4 c5 2.Nf3 d6 3.d4 cxd4 4.Nxd4 Nf6 5.Nc3 a6 6.h3 g6 7.g3 Bg7 8.Bg2 O-O
9.O-O Nc6 10.Nde2 Rb8 11.a4 Bd7 12.Nd5 Nxd5 13.exd5 Na5 14.Ra2 e6 15.dxe6 Bxe6
16.b3 Nc6 17.c4 Qc7 18.Ba3 Rfd8 19.Rd2 Bf8 20.Nc3 Qb6 21.Nd5 Bxd5 22.Rxd5 a5
23.Re1 Nb4 24.Rb5 Qc7 25.Bxb4 axb4 26.Qd5 b6 27.Rxb4 Bg7 28.Rb5 Re8 29.Rxe8+ Rxe8
30.a5 Rb8 31.axb6 Rxb6 32.Qa8+ Bf8 33.Qa5  1-0

[Event "8th Asian Continental Women"]
[Site "Subic Bay PHI"]
[Date "2009.05.17"]
[Round "5"]
[White "Zhu Chen"]
[Black "Sukandar,I"]
[Result "0-1"]
[WhiteElo "2491"]
[BlackElo "2300"]

1.d4 Nf6 2.c4 e6 3.Nc3 Bb4 4.Qc2 O-O 5.a3 Bxc3+ 6.Qxc3 b6 7.Bg5 Bb7 8.e3 d6
9.Ne2 Nbd7 10.Qc2 c5 11.Rd1 Rc8 12.Nc3 Qe7 13.f3 d5 14.cxd5 exd5 15.Bb5 Qe6
16.Kf2 a6 17.Bxd7 Nxd7 18.Rhe1 Rfe8 19.Kg1 Nf8 20.Bh4 Ng6 21.Bf2 Red8 22.h3 h6
23.dxc5 bxc5 24.Na4 Qd6 25.Rd2 Ne5 26.Kh1 Nc4 27.Rdd1 Bc6 28.Nc3 Qf6 29.Bg3 Qe6
30.Qf2 Re8 31.Rd3 Qg6 32.e4 d4 33.Nd1 f5 34.exf5 Qxf5 35.Qc2 Ne3 36.Nxe3 dxe3
37.Qb3+ c4 38.Qxc4+  0-1

[Event "8th Asian Continental Women"]
[Site "Subic Bay PHI"]
[Date "2009.05.18"]
[Round "6"]
[White "Lkhamsuren,U"]
[Black "Zhu Chen"]
[Result "0-1"]
[WhiteElo "2038"]
[BlackElo "2491"]

1.e4 c5 2.Nf3 d6 3.d4 cxd4 4.Nxd4 Nf6 5.Nc3 a6 6.Be2 e5 7.Nb3 Be7 8.O-O O-O
9.Be3 Be6 10.f4 exf4 11.Rxf4 Nc6 12.Nd4 Ne5 13.Nf5 Rc8 14.Qe1 Re8 15.Qg3 Bxf5
16.Rxf5 Nfd7 17.Rd1 g6 18.Rh5 Qa5 19.a3 Rxc3 20.bxc3 Qxc3 21.Bd3 Qa5 22.Rh3 Bf6
23.Qf4 Bg7 24.Qh4 Nf8 25.Bg5 Qc5+ 26.Kh1 Qc7 27.Qf2 b5 28.Bf1 Ng4 29.Qf5 Rxe4
30.Bd3 Ra4 31.Bf4 Be5 32.Bxe5 dxe5 33.c4 h5 34.cxb5 e4  0-1

[Event "8th Asian Continental Women"]
[Site "Subic Bay PHI"]
[Date "2009.05.19"]
[Round "7"]
[White "Zhu Chen"]
[Black "Mohota,N"]
[Result "1-0"]
[WhiteElo "2491"]
[BlackElo "2304"]

1.d4 Nf6 2.c4 e6 3.Nc3 Bb4 4.Qc2 O-O 5.a3 Bxc3+ 6.Qxc3 b6 7.Bg5 Bb7 8.e3 d6
9.Ne2 Nbd7 10.Qc2 c5 11.Nc3 a6 12.Rd1 Qc7 13.f3 cxd4 14.Rxd4 Qc5 15.Bh4 e5
16.b4 Qc7 17.Rd2 d5 18.Nxd5 Nxd5 19.cxd5 Qxc2 20.Rxc2 Bxd5 21.e4 Be6 22.Kd2 Rfc8
23.Rxc8+ Rxc8 24.Bxa6 Ra8 25.Bb5 Rxa3 26.Rc1 Ra2+ 27.Ke1 Rxg2 28.Rc8+ Nf8
29.Rd8 Rc2 30.Bf2 Rc8 31.Bxb6 g5 32.Bd3 Kg7 33.b5 Bd7 34.Kd2 Rxd8 35.Bxd8 Ne6
36.Be7 Nd4 37.b6 Bc8 38.Ke3 h6 39.Bc4 Nc6 40.Bd6 f6 41.Bd5 Bb7 42.Kf2 Kg6
43.Kg3 f5 44.exf5+ Kxf5 45.h3 Nd8 46.Bxb7 Nxb7 47.Bf8 Kg6 48.Kg4 h5+ 49.Kg3 Kf5
50.Be7 Na5 51.Bb4 Nb7 52.Bd2 Nd6 53.Kg2 g4 54.fxg4+ hxg4 55.h4 Kg6 56.Bb4 Nb7
57.Be1 Kf5 58.Kg3 Nd6 59.Bb4 Nb7 60.Bd2 Nd6 61.h5 Nb7 62.h6 Kg6 63.Kxg4 Nd6
64.Be3 Nb7 65.Kf3 Nd6 66.Ke2 Nb7 67.Kd3 Nd6 68.Kc3 Kh7 69.Kb4  1-0

[Event "8th Asian Continental Women"]
[Site "Subic Bay PHI"]
[Date "2009.05.20"]
[Round "8"]
[White "Swathi,G"]
[Black "Zhu Chen"]
[Result "1-0"]
[WhiteElo "2330"]
[BlackElo "2491"]

1.e4 e5 2.Nf3 Nc6 3.Bb5 a6 4.Ba4 Nf6 5.O-O Be7 6.Re1 b5 7.Bb3 d6 8.c3 O-O
9.d4 Bg4 10.Be3 Bh5 11.h3 exd4 12.cxd4 d5 13.e5 Ne4 14.Nc3 Nxc3 15.bxc3 Na5
16.Bc2 Nc4 17.g4 Bg6 18.Bf5 a5 19.Qd3 Ra6 20.Bf4 b4 21.Kg2 Rb6 22.h4 Bxf5
23.gxf5 f6 24.e6 Bd6 25.Bxd6 Qxd6 26.Nd2 Na3 27.Rac1 Qf4 28.Qf3 Qxf3+ 29.Nxf3 Nc4
30.Kg3 Re8 31.Re2 b3 32.axb3 Rxb3 33.Ra2 Rb5 34.h5 Ra8 35.Nd2 Nd6 36.Kf4 Kf8
37.Nf1 a4 38.Rca1 Rba5 39.Ne3 c6 40.f3 a3 41.h6 g5+ 42.fxg6 hxg6 43.Rg1 g5+
44.Kg4 Kg8 45.Nf5 Nb5 46.Rc1 Ra4 47.Kh5 Kh7 48.e7 Re8 49.f4 Ra7 50.fxg5 fxg5
51.Re2 a2 52.Ra1 Nxc3 53.Re6 Ne4 54.Rxc6 Ra3 55.Re6 Ra7 56.Rg6 Raxe7 57.Nxe7 Rxe7
58.Rxa2 g4 59.Rga6 g3 60.Ra7 Nf6+ 61.Kh4 Rxa7 62.Rxa7+ Kxh6 63.Kxg3 Kg5 64.Re7 Ne4+
65.Kf3 Nd2+ 66.Ke2 Ne4 67.Kd3 Kg4 68.Re5 Nf6 69.Re7 Ne4 70.Rf7 Kg5 71.Rf8 Nf6
72.Kc3 Kf5 73.Kb4 Ke6 74.Rh8 Ne4 75.Kb5 Kd7 76.Rh6 Kc7 77.Kb4 Kd7 78.Ka5 Nd6
79.Rh5 Kc6 80.Kb4 Ne4 81.Re5 Kd6 82.Kb5 Nc3+ 83.Kb6 Na4+ 84.Kb7 Nc3 85.Rh5 Ne2
86.Rh4 Ng3 87.Kb6 Ne4 88.Rh6+ Kd7 89.Rg6 Nf2 90.Rf6 Ne4 91.Rh6 Nc3 92.Kc5 Ke7
93.Rh3 Ne4+ 94.Kxd5 Ng5 95.Rg3  1-0